00291nam a2200133Ia 45000030006000000080041000060400015000471000016000622450019000782500011000972600020001085460012001280050017001400STCL150530s9999 xx 000 0 und d aSTCLcSTCL aSingh, R.S. aPlant diseases aFourth bMacmillanc1978 aEnglish20220125170327.0